banner koha

Ornitologia Brasileira ou historia natural das aves do Brasil, notaveis por sua plumagem, canto e habitos (Registro n. 54440)

MARC details
000 -LÍDER
campo de controle de tamanho fixo 00792nam a22002777a 4500
001 - NÚMERO DE CONTROLE
campo de controle BR4400008
003 - IDENTIFICADOR DO NÚMERO DE CONTROLE
campo de controle BR-BrBNA
005 - DATA E HORÁRIO DA ÚLTIMA TRANSAÇÃO
campo de controle 20230928095102.0
007 - CAMPO FIXO DE DESCRIÇÃO FÍSICA--INFORMAÇÃO GERAL
campo de controle de tamanho fixo ta
008 - CAMPO DE DADOS FIXOS--INFORMAÇÃO GERAL
campo de controle de tamanho fixo 230509b bl.||||| |||| 00| 0 por d
040 ## - FONTE DA CATALOGAÇÃO
Instituição da catalogação original BR-BrBNA
Idioma da catalogação por
Instituição que transcreveu o registro Biblioteca Nacional de Agricultura
041 ## - CÓDIGO DE IDIOMA
Código do idioma do texto/trilha sonora ou título diferente (Por)
072 ## - CÓDIGO DE CATEGORIA DE ASSUNTO
Código de Categoria de Assunto L60; L20
Código do objeto 6700
090 ## - NÚMERO DE CHAMADA LOCAL
-- 6700 BR4400008
100 1# - ENTRADA PRINCIPAL--NOME PESSOAL
Nome pessoal Descourtilz, J.T.
245 1# - TÍTULO
Título Ornitologia Brasileira ou historia natural das aves do Brasil, notaveis por sua plumagem, canto e habitos
260 3# - PUBLICAÇÃO, DISTRIBUIÇÃO, ETC.
Local de publicação, distribuição, etc. Rio de Janeiro, GB (Brasil):
Nome do editor, distribuidor, etc. Kosmos,
Data da publicação, distribuição, etc. 1944.
300 ## - DESCRIÇÃO FÍSICA
Extensão 228 p.
500 ## - NOTA GERAL
Nota geral 48 illus.
650 ## - ASSUNTO--TERMO TÓPICO
Cabeçalho tópico ou nome geográfico Taxonomia Animal
650 ## - ASSUNTO--TERMO TÓPICO
Cabeçalho tópico ou nome geográfico Ecologia Animal
650 ## - ASSUNTO--TERMO TÓPICO
Cabeçalho tópico ou nome geográfico Ave Ornamental
650 ## - ASSUNTO--TERMO TÓPICO
Cabeçalho tópico ou nome geográfico Pluma
909 ## -
-- 202309
-- Lucia
-- 55
-- Lucia Elande
942 ## - ELEMENTOS DE ENTRADA ADICIONADOS (KOHA)
Tipo de material Koha Livros
Exemplares
Situação do descarte Fonte da classificação ou esquema de arquivamento na estante Situação física Não pode ser emprestado Coleção Biblioteca de origem Biblioteca atual Total de empréstimos Número de telefone completo Código de barras Data de último acesso Número do exemplar Tipo de material Koha Situação das perdas Data de aquisição Fonte de aquisição
  Classificação AGRIS       Biblioteca Nacional de Agricultura - Binagri Biblioteca Nacional de Agricultura - Binagri   6700 BR4400008 6700 BR4400008 25/09/2023 01 Livros   2023-09-25 Portaria Interministerial nº 164/94

BINAGRI

Telefone: (61)3218-2567/2388/3357/2097 - binagri@agro.gov.br

Ministério da Agricultura e Pecuária , Esplanada dos Ministérios, Bloco D, Anexo B, Brasília/DF, CEP: 70.043-900